000 00302nam a2200121Ia 4500
008 191201s2007 xx 000 0 und d
100 _aKAMTHANE, Ashok N
245 0 _aIntroduction to data structures in c
250 _aimp
260 _c2007
_bPearson
_aNEW DELHI
300 _a484
942 _2ddc
_cBK
_011
999 _c7983
_d7983